Counties of Ireland in Irish - Statistics

General Stats
  • This quiz has been taken 27 times
  • The average score is 11 of 26
Answer Stats
Hint Answer % Correct
Cork Corcaigh
100%
Dublin Baile Átha Cliath
83%
Louth
75%
Clare An Clár
67%
Donegal Dún na nGall
67%
Meath An Mhí
58%
Kerry Ciarraí
58%
Kildare Cill Dara
58%
Mayo Maigh Eo
58%
Sligo Sligeach
58%
Cavan An Cabhán
50%
Longford An Longfort
42%
Galway Gaillimh
42%
Laois Laois
42%
Westmeath An Iarmhí
33%
Wicklow Cill Mhantáin
33%
Wexford Loch Garman
33%
Limerick Luimneach
33%
Roscommon Ros Comáin
33%
Carlow Ceatharlach
25%
Monaghan Muineachán
25%
Waterford Port Láirge
25%
Kilkenny Cill Chainnigh
8%
Leitrim Liatroim
8%
Tipperary Tiobraid Árann
8%
Offaly Uíbh Fhailí
8%
No matching quizzes found
Score Distribution
Percent of People with Each Score
Percentile by Number Answered
Your Score History
You have not taken this quiz